1791 1279 1237 1268 1918 1370 1251 1251 1284 1312 1811 1025 1059 1704 1755 1349 1075 1964 1593 1425 1478 1293 1691 1438 1568 1674 1693 1009 1880 1897 1691 1179 1876 1079 1374 1979 1300 1582 1817 1967 1769 1763 1338 1214 1486 1852 1357 1944 1175 1701 1527 1402 1952 1818 1002 1153 1423 1233 1688 1981 1558 1352 1864 1147 1317 1588 1528 1671 1973 1248 1273 1747 1317 1459 1426 1179 1271 1900 1827 1173 1896 1989 1751 1903 1148 1700 1552 1118 1425 1875 1015 1836 1585 1421 1783 1555 1356 1102 1203 BCNSPRNW ULIB Ver.6.0+V

เปลี่ยนเป็นภาษาไทย

Change to English
 แสดงรายละเอียดบรรณานุกรม
  กลับหน้าหลัก

Brief Record : Get Marc (ISO 2709) : E-mail record : QR code < ปิดหน้าต่าง
LEADER : 00000nas 2200000uu 4500
001    13399113860
003     ULIB
008    020711s|||| th a 000 0 tha d
022    ^a0858110X
110    ^aวิทยาลัยพยาบาลพระปกเกล้า จันทบุรี
245    ^aวารสารวิทยาลัยพยาบาลพระปกเกล้า จันทบุรี
260    ^aจันทบุรี :^bวารสารวิทยาลัยพยาบาลพระปกเกล้า จันทบุรี,^cม.ป.ป.
310    ^aราย 6 เดือน
850    ^aฉบับที่ 2 ปีที่ 22;ฉบับที่ 1 ปีที่ 23
945    ^p0^l0^i900059
945    ^p0^l0^i900513
999 ^a ทศพร
รายการนี้ยังไม่มีแท็ก
คุณยังไม่ได้ล็อกอิน คุณสามารถมีกิจกรรมร่วมกับเว็บไซต์ได้ แต่ต้องล็อกอินก่อน ::
  ล็อกอิน

รายการสื่อสารสนเทศ (วารสาร)

ดูแบบ: กล่อง รายการ
ARRIVED
ฉบับที่ 2 ปีที่ 22
สถานที่: ห้องสมุดวิทยาเขตสวรรค์ประชารักษ์ >วารสาร
ARRIVED
ฉบับที่ 1 ปีที่ 23
สถานที่: ห้องสมุดวิทยาเขตสวรรค์ประชารักษ์ >วารสาร
รายการใกล้เคียง
    ผู้แต่ง []

BibComment


ยังไม่เคยถูกคอมเมนท์

คอมเมนท์ทรัพยากรรายการนี้
  คอมเมนท์: วารสารวิทยาลัยพย..


 Copyright 2026. Bcnsprnw @Library